| 000 | 00801 a2200229 4500 | ||
|---|---|---|---|
| 020 | _a0382095146 | ||
| 020 | _a9780382095146 | ||
| 082 | 0 | 4 | _a956 |
| 090 |
_c1679 _d1679 |
||
| 100 | 1 | _aMason, Antony. | |
| 245 | 1 | 0 |
_aMiddle east / _cAntony Mason. |
| 260 |
_a[S.l.] : _bSilver Burdett Pr, _c1988. |
||
| 300 |
_a46 p. : _bcol. ill. ; _c25 cm. |
||
| 490 | 1 | _aPeople & places. | |
| 500 | _aLibrary Binding. | ||
| 520 | _aText and illustrations introduce the geography, history, people, and culture of the Middle East. | ||
| 700 | 1 | _aSavage, Ann. | |
| 830 | 0 | _aPeople & places. | |
| 856 | 4 | 0 |
_3Amazon.com _uhttp://www.amazon.com/exec/obidos/ASIN/0382095146/chopaconline-20 |
| 856 | 4 | 0 |
_3Amazon customer reviews _uhttp://www.chopac.org/cgi-bin/tools/azrev.pl?q=0382095146 |
| 942 |
_aNBS _cBK _k956 MAS |
||
| 999 |
_c344194 _d344194 |
||